| 000 | 00578nac a22001811u 4500 | ||
|---|---|---|---|
| 008 | 100907t2003 xxu|||||r|||| 001 0 eng d | ||
| 020 | _a8174763228 | ||
| 020 | _a8174763228 | ||
| 082 | 0 | 0 |
_a624.15 _bMUR |
| 100 |
_aMurthy, V. N. S. _918628 |
||
| 245 | 1 | 0 |
_aPrinciples of Soil Mechanics and Foundation Engineering / _cV. N. S. Murthy. |
| 250 |
_a5th ed. _brev. |
||
| 260 |
_aNew Delhi : _bSangam Books, _c2003. |
||
| 300 |
_a842 p. : _bill. ; _c24 cm. |
||
| 504 | _aIncludes bibliographies and index. | ||
| 650 | 0 |
_aSoil mechanics. _918629 |
|
| 942 |
_cBB _k624.15MUR _2ddc |
||
| 999 |
_c808 _d808 |
||